[Event "PCA/Intel-GP"]
[Site "London"]
[Date "1994.??.??"]
[Round "2"]
[White "Kramnik, Vladimir"]
[Black "Vyzmanavin, Alexey"]
[Result "1-0"]
[WhiteElo "2725"]
[BlackElo "2610"]
[PlyCount "77"]
[EventDate "1994.08.??"]
[EventType "k.o. (rapid)"]
[EventRounds "4"]
[EventCountry "ENG"]
[SourceTitle "CBM 042 Extra"]
[Source "ChessBase"]
[SourceDate "1994.11.01"]
[SourceVersion "1"]
[SourceVersionDate "1994.11.01"]
[SourceQuality "1"]

1. Nf3 Nf6 2. c4 e6 3. Nc3 Bb4 4. g3 0-0 5. Bg2 Bxc3 6. bxc3 d6 7. 0-0 e5 8. d3 Nc6 9. e4 Nd7 10. Nh4 Nc5 11. d4 Nd7 12. f4 b6 13. Nf5 g6 14. fxe5 dxe5 15. Nh6+ Kg7 16. Ng4 Kg8 17. Bh6 Bb7 18. Qd2 Qe7 19. Rf2 f6 20. Raf1 Qd6 21. Bxf8 Rxf8 22. Rd1 Qe7 23. Ne3 Na5 24. c5 Kg7 25. cxb6 axb6 26. d5 Nc5 27. d6 cxd6 28. Qxd6 Qxd6 29. Rxd6 Bxe4 30. Rxb6 Bxg2 31. Kxg2 Ne4 32. Rc2 f5 33. Ra6 Nb7 34. Ra7 Rf7 35. Nc4 Kf6 36. Rb2 Nbd6 37. Ra6 Ke6 38. Nxd6 Nxd6 39. c4 1-0

[Event "PCA/Intel-GP"]
[Site "Paris"]
[Date "1994.??.??"]
[Round "2.3"]
[White "Kramnik, Vladimir"]
[Black "Vyzmanavin, Alexey"]
[Result "1/2-1/2"]
[WhiteElo "2725"]
[BlackElo "2610"]
[PlyCount "117"]
[EventDate "1994.11.??"]
[EventType "k.o. (rapid)"]
[EventRounds "4"]
[EventCountry "FRA"]
[SourceTitle "CBM 043 Extra"]
[Source "ChessBase"]
[SourceDate "1995.01.01"]
[SourceVersion "1"]
[SourceVersionDate "1995.01.01"]
[SourceQuality "1"]

1. Nf3 Nf6 2. c4 b6 3. g3 Bb7 4. Bg2 e6 5. 0-0 Be7 6. Nc3 0-0 7. Re1 d5 8. cxd5 exd5 9. d4 Nbd7 10. Bf4 c6 11. Qc2 Nh5 12. Bd2 f5 13. Bh3 g6 14. Bh6 Ng7 15. Rad1 Re8 16. Qb3 Kh8 17. e4 fxe4 18. Nxe4 Kg8 19. Ne5 Nf5 20. Bf4 Rf8 21. Nxd7 Qxd7 22. Be5 Rf7 23. Nd2 c5 24. Nf3 Qc6 25. Bf4 Bf6 26. Bxf5 gxf5 27. Ne5 Bxe5 28. Rxe5 Re8 29. Qe3 Rxe5 30. Bxe5 h6 31. Qf4 Kh7 32. Qh4 Qg6 33. Re1 Qg5 34. Qxg5 hxg5 35. Rc1 c4 36. f3 Bc8 37. Kf2 Bd7 38. h4 gxh4 39. gxh4 f4 40. Rg1 b5 41. a3 Be6 42. Rg5 a5 43. Bd6 Rb7 44. Re5 Bf7 45. Rf5 Kg6 46. Rg5+ Kh7 47. Bxf4 b4 48. axb4 axb4 49. Rg1 Bg6 50. Rg5 Bf7 51. Bc1 Ra7 52. Ke1 Ra1 53. Kd2 c3+ 54. bxc3 bxc3+ 55. Kc2 Bg6+ 56. Kxc3 Rxc1+ 57. Kd2 Rh1 58. Rxd5 Rxh4 59. Ke3 1/2-1/2

[Event "PCA/Intel-GP"]
[Site "Paris"]
[Date "1994.??.??"]
[Round "2.3"]
[White "Kramnik, Vladimir"]
[Black "Vyzmanavin, Alexey"]
[Result "1-0"]
[WhiteElo "2725"]
[BlackElo "2610"]
[PlyCount "189"]
[EventDate "1994.11.??"]
[EventType "k.o. (rapid)"]
[EventRounds "4"]
[EventCountry "FRA"]
[SourceTitle "CBM 043 Extra"]
[Source "ChessBase"]
[SourceDate "1995.01.01"]
[SourceVersion "1"]
[SourceVersionDate "1995.01.01"]
[SourceQuality "1"]

1. Nf3 Nf6 2. c4 b6 3. g3 Bb7 4. Bg2 e6 5. 0-0 Be7 6. Nc3 0-0 7. Re1 d5 8. cxd5 exd5 9. d4 Nbd7 10. Bf4 Ne4 11. Qc2 Nxc3 12. bxc3 Nf6 13. Rad1 Qc8 14. Ne5 c5 15. e3 Ne4 16. dxc5 Nxc5 17. h4 Qe6 18. Nf3 Qe4 19. Qd2 Qa4 20. Nd4 Rfd8 21. Nf5 Bf8 22. Qe2 Qd7 23. Bh3 Qe8 24. h5 Bc8 25. g4 g6 26. hxg6 hxg6 27. Ng3 Be6 28. Bg2 Bg7 29. Bg5 f6 30. Bf4 Rac8 31. Nf1 Bf7 32. g5 f5 33. Rd4 Ne4 34. Bxe4 dxe4 35. Kg2 Rxc3 36. Rxd8 Qxd8 37. Rd1 Rd3 38. Rc1 Rd5 39. Ng3 Be5 40. Qa6 Kg7 41. Qxa7 Bxf4 42. exf4 Rd7 43. Qa3 Rd3 44. Qb4 Qd4 45. Qxd4+ Rxd4 46. Rc6 b5 47. Rb6 b4 48. Ra6 Rd2 49. Nf1 Rxa2 50. Rb6 b3 51. Ne3 Rd2 52. Rb7 Kf8 53. Kf1 b2 54. Ke1 Rd7 55. Rxb2 Ra7 56. Rb6 Kg7 57. Kf1 Ra1+ 58. Kg2 Ra2 59. Kg3 Rd2 60. Ra6 Re2 61. Nd1 Re1 62. Ne3 Rg1+ 63. Kh2 Re1 64. Ra7 Re2 65. Kg3 Kg8 66. Ng2 Rd2 67. Ne3 Rd3 68. Kg2 Rc3 69. Kf1 Rd3 70. Ke2 Rc3 71. Ra5 Rd3 72. Nc2 Rc3 73. Nd4 Rc4 74. Nb5 Rc5 75. Ra8+ Kg7 76. Nd6 Rc7 77. Ke3 Rd7 78. Nb5 Rb7 79. Nd6 Rd7 80. Ra6 Rc7 81. Kd4 Rd7 82. Ke5 Re7+ 83. Kd4 Rd7 84. Kc5 Rc7+ 85. Rc6 Ra7 86. Nb5 Ra5 87. Kb4 Rxb5+ 88. Kxb5 Be8 89. Kc5 Bxc6 90. Kxc6 Kf7 91. Kd6 Kf8 92. Ke6 Kg7 93. Ke7 Kg8 94. Kf6 Kh7 95. Kf7 1-0

[Event "PCA/Intel-GP"]
[Site "London"]
[Date "1994.??.??"]
[Round "1"]
[White "Mainka, Romuald"]
[Black "Vyzmanavin, Alexey"]
[Result "0-1"]
[WhiteElo "2500"]
[BlackElo "2610"]
[PlyCount "116"]
[EventDate "1994.08.??"]
[EventType "k.o. (rapid)"]
[EventRounds "4"]
[EventCountry "ENG"]
[SourceTitle "CBM 042 Extra"]
[Source "ChessBase"]
[SourceDate "1994.11.01"]
[SourceVersion "1"]
[SourceVersionDate "1994.11.01"]
[SourceQuality "1"]

1. e4 c5 2. Nf3 e6 3. c3 d5 4. exd5 Qxd5 5. d4 Nf6 6. Be2 Nc6 7. 0-0 Be7 8. dxc5 Qxd1 9. Rxd1 Bxc5 10. Nbd2 0-0 11. b4 Be7 12. a3 b6 13. Bb2 Bb7 14. c4 a5 15. b5 Nb8 16. Ne5 Nbd7 17. Bf3 Nxe5 18. Bxe5 Bxf3 19. Nxf3 Rfc8 20. Bd6 Kf8 21. Ne5 Ke8 22. Bxe7 Kxe7 23. Nc6+ Ke8 24. Rd4 Rc7 25. Rad1 Rd7 26. Ne5 Rxd4 27. Rxd4 Rc8 28. Rd6 Rd8 29. Rxd8+ Kxd8 30. Nxf7+ Ke7 31. Ne5 Kd6 32. Nd3 Ne4 33. f3 Nd2 34. c5+ bxc5 35. Kf2 Nc4 36. a4 Nb6 37. Nb2 c4 38. Ke3 Kc5 39. Kd2 Kd4 40. Kc2 e5 41. h4 c3 42. Nd1 Nxa4 43. h5 Kc5 44. Kb3 Kxb5 45. Ne3 Kc5 46. Nc2 Nb6 47. Kxc3 Nd5+ 48. Kb3 Nf4 49. g4 Nd5 50. Ka4 Kc4 51. Kxa5 Kd3 52. Kb5 Kxc2 53. Kc5 Nf6 54. g5 Nxh5 55. Kd5 Kd3 56. Kxe5 Ke3 57. g6 hxg6 58. Ke6 Kxf3 0-1

[Event "PCA/Intel-GP"]
[Site "London"]
[Date "1994.??.??"]
[Round "1"]
[White "Mainka, Romuald"]
[Black "Vyzmanavin, Alexey"]
[Result "1/2-1/2"]
[WhiteElo "2500"]
[BlackElo "2610"]
[PlyCount "80"]
[EventDate "1994.08.??"]
[EventType "k.o. (rapid)"]
[EventRounds "4"]
[EventCountry "ENG"]
[SourceTitle "CBM 042 Extra"]
[Source "ChessBase"]
[SourceDate "1994.11.01"]
[SourceVersion "1"]
[SourceVersionDate "1994.11.01"]
[SourceQuality "1"]

1. e4 c6 2. d4 d5 3. e5 Bf5 4. h4 h5 5. c4 e6 6. Nc3 Nd7 7. cxd5 cxd5 8. Bd3 Ne7 9. Bg5 Bxd3 10. Qxd3 Qb6 11. Bxe7 Bxe7 12. Nf3 Rc8 13. Rb1 Qa6 14. Qxa6 bxa6 15. Kd2 Nb6 16. Rhc1 Kd7 17. Kd3 Rc6 18. g3 Rhc8 19. Ne2 Nc4 20. b3 Na5 21. Rxc6 Nxc6 22. Ne1 Nb4+ 23. Kd2 Nxa2 24. Nd3 Nb4 25. Ra1 Rc6 26. Ra4 Nxd3 27. Kxd3 Rb6 28. Kc2 Rc6+ 29. Kb2 g6 30. Ra1 Bb4 31. Rd1 a5 32. Nf4 Kc7 33. Rd3 Kb6 34. Rf3 Kb5 35. Nh3 a4 36. bxa4+ Kxa4 37. Ng5 Rc4 38. Rxf7 a5 39. Nxe6 Ba3+ 40. Ka2 Rc2+ 1/2-1/2